住友グループのすべて
Zapisane w:
| 1. autor: | |
|---|---|
| Format: | Książka |
| Język: | Undetermined |
| Wydane: |
東京
日本実業出版社
1976
|
| Hasła przedmiotowe: | |
| Etykiety: |
Dodaj etykietę
Nie ma etykietki, Dołącz pierwszą etykiete!
|
| Thư viện lưu trữ: | Trung tâm Học liệu Trường Đại học Cần Thơ |
|---|
| LEADER | 00559nam a2200205Ia 4500 | ||
|---|---|---|---|
| 001 | CTU_94909 | ||
| 008 | 210402s9999 xx 000 0 und d | ||
| 082 | |a 338.8 | ||
| 082 | |b K82 | ||
| 100 | |a 近藤弘(こんどう ひろし) | ||
| 245 | 0 | |a 住友グループのすべて | |
| 245 | 0 | |c 近藤弘 | |
| 260 | |a 東京 | ||
| 260 | |b 日本実業出版社 | ||
| 260 | |c 1976 | ||
| 650 | |a Corporations,Corporations | ||
| 650 | |x Sumitomo | ||
| 650 | |z Japan | ||
| 904 | |i Ngoc | ||
| 980 | |a Trung tâm Học liệu Trường Đại học Cần Thơ | ||